000
00311nam a22001337a 4500
020
_a
0-7497-4482-0
082
_a
823
_b
BLY/S
100
_a
ENID BLYTON
245
_a
SECOND FORM AT MALORY TOWERS
260
_a
LONDON
_b
EGMONT
_c
1941
300
_a
150
650
_a
CHILDREN'S STORY BOOK
_z
UNITED KINGDOM
942
_c
BK
999
_c
164
_d
164